000 00526nam a2200205Ia 4500
005 20250923144720.0
008 008 250917s9999 xx 000 0 eng d
037 _aTextual
040 _aDSWL
_beng
_cDSWL
041 _aeng
_2eng
084 _qDSWL
100 _aOhlin, Lloyd E.
_9827666
245 0 _aSelection for parole
_cby Lloyd E. Ohlin
260 _aNew York
_bRussel Sage Foundation
_c1951
300 _a143p.
365 _aUSD
_b2
925 _g2
942 _cTEXL
999 _c1442415
_d1442415